000 01745cam a22004574i 4500
003 PE-LiUPU
005 20250731184523.0
008 150617s r 000 0 d
035 _a(Sirsi) a18783
040 _aPE-LiUPU
_bspa
_cPE-LiUPU
_erda
049 _aPRUA
082 0 4 _a985.08
_bG16
_221
100 1 _aGarcía Calderón, Francisco,
_eautor.
245 1 0 _aEn torno al Perú y América /
_cFrancisco García Calderón.
264 1 _aLima :
_bJuan Mejía Baca & P. L. Villanueva, Editores,
_c1954.
300 _a340 páginas ;
_c21 cm
336 _atext
_2rdacontent
337 _aunmediated
_2rdamedia
338 _avolume
_2rdacarrier
505 0 _aLa biblioteca y la universidad -- El Perú contemporáneo -- HOmbres e ideas de nuestro tiempo -- Memoria presentada al congreso de Filosofía de Heildelberg -- Las democracias latinas de América -- La creación de un continenete -- La revista de América -- El panamericanismo: su pasado y su provenir -- Ideas e impresiones.
526 _aP136
526 _aP135
526 _aP134
526 _aP133
526 _aP144
526 _aP143
526 _aP87
526 _aP35
526 _aP20
526 _aP14
526 _aP10
526 _aP06
650 0 4 _aEnsayos peruanos.
910 _ajck
_bjvq
_cjck
_d20150616
942 _2ddc
_cBOOK
949 _a985.08 G16
_wDEWEY
_c1
_i04793
_lCCODEBUL1
_mBUL
_p00.00
_r0
_sY
_tBOOK
_u2015-04-22
_xEDUCACION
_zUNKNOWN
_0COMPRA
_o.STAFF. Colección General
994 _aC0
_bPEPRU
596 _a1
999 _a985.08 G16
_wDEWEY
_c18513
_i04793
_f2021-11-8
_g5
_lCCODEBUL1
_mBUL
_r0
_sY
_tBOOK
_u2015-4-22
_xBIBLIOTECA
_zUNKNOWN
_0COMPRA
_o.STAFF. Colección General
_d18513
980 _81
_gALBERTO SANCHEZ Responsable de Automatización